000 00423nam a22001697a 4500
003 MPLRDC
005 20220104113558.0
008 210129b ||||| |||| 00| 0 eng d
082 _a857.621 SJKH v.8 c.2
100 _a希朗
245 _a疯狂的宇宙
_c陈苍杰译
260 _a
_b星际出版社
_c1981
300 _b
490 _a世界科幻名著
650 _a科幻小说
942 _cBK
_o857.621 SJKH v.8 c.2
999 _c740
_d730